| 000 | 01159nam a22003737a 4500 | ||
|---|---|---|---|
| 001 | 0045552 | ||
| 003 | KOHA_MİRAKIL | ||
| 005 | 20260207003448.0 | ||
| 007 | ta | ||
| 008 | 140128b1999 tu a|||gr||||#||||0|tur | | ||
| 020 | _a9758240142 | ||
| 040 |
_aTR-BiSEU _btur _cTR-BiSEU _erda |
||
| 041 | 0 | _atur | |
| 044 | _ctu | ||
| 050 |
_aCC165 _b.B33 1999 |
||
| 100 | 1 | _aBahn, Paul G.. | |
| 240 | 1 | 0 | _lTürkçe |
| 245 | 1 |
_aArkeolojinin ABC'si/ _cPaul G. Bahn ; Paul Bahn ; çeviren Banu Örenk ; yayıma hazırlayan Yeşim Tükel.. |
|
| 264 | 1 |
_aİstanbul : _bKabalcı Yayınevi _c1999 |
|
| 300 |
_a143 sayfa : _bresimli |
||
| 336 |
_ametin _btxt _2rdacontent |
||
| 337 |
_aaracısız _bn _2rdamedia |
||
| 338 |
_acilt _bnc _2rdacarrier |
||
| 490 | 1 |
_aKabalcı Yayınevi ; _v143. |
|
| 490 | 1 |
_aABC dizisi ; _v6 |
|
| 500 | _aKaynakça ve dizin var. | ||
| 500 | _aÖzgün adı: Archaeology : a very short introduction. | ||
| 650 | 0 |
_aArkeoloji. _962649 |
|
| 650 | 0 |
_aArkeoloji--Tarih. _983933 |
|
| 650 | 0 |
_aArkeoloji--Metodoloji. _983934 |
|
| 830 | 1 |
_aKabalcı Yayınevi ; _v143. _916011 |
|
| 830 | 1 |
_aABC dizisi ; _v6 _983935 |
|
| 942 |
_2lcc _cBK |
||
| 999 |
_c45521 _d45521 |
||